Sweet valley twins teamwork / (Record no. 185261)
[ view plain ]
| 000 -LEADER | |
|---|---|
| fixed length control field | 00489 a2200181 4500 |
| 003 - CONTROL NUMBER IDENTIFIER | |
| control field | Nust |
| 005 - DATE AND TIME OF LATEST TRANSACTION | |
| control field | 20230131134626.0 |
| 020 ## - INTERNATIONAL STANDARD BOOK NUMBER | |
| International Standard Book Number | 0553156810 |
| 040 ## - CATALOGING SOURCE | |
| Transcribing agency | Nust |
| 082 ## - DEWEY DECIMAL CLASSIFICATION NUMBER | |
| Classification number | 808.83,PAS |
| 100 ## - MAIN ENTRY--PERSONAL NAME | |
| Personal name | Jamie Suzanne |
| 9 (RLIN) | 108251 |
| 245 ## - TITLE STATEMENT | |
| Title | Sweet valley twins teamwork / |
| Statement of responsibility, etc. | Jamie Suzanne, |
| Medium | Francine Pasical |
| 260 ## - PUBLICATION, DISTRIBUTION, ETC. | |
| Place of publication, distribution, etc. | A bantam skylark book |
| Name of publisher, distributor, etc. | Toronto |
| Date of publication, distribution, etc. | 1989 |
| 300 ## - PHYSICAL DESCRIPTION | |
| Extent | 104 p |
| Other physical details | illus |
| Dimensions | 19 cm |
| 600 ## - SUBJECT ADDED ENTRY--PERSONAL NAME | |
| Personal name | Jamie Suzanne |
| 9 (RLIN) | 108251 |
| 650 ## - SUBJECT ADDED ENTRY--TOPICAL TERM | |
| Topical term or geographic name entry element | Novel |
| 9 (RLIN) | 2525 |
| 942 ## - ADDED ENTRY ELEMENTS (KOHA) | |
| Source of classification or shelving scheme | |
| Koha item type | Book |
| Call number prefix | 808.83,PAS |
| Withdrawn status | Lost status | Source of classification or shelving scheme | Damaged status | Not for loan | Permanent Location | Current Location | Shelving location | Date acquired | Total Checkouts | Full call number | Barcode | Date last seen | Date last checked out | Price effective from | Koha item type | Public note |
|---|---|---|---|---|---|---|---|---|---|---|---|---|---|---|---|---|
| Military College of Signals (MCS) | Military College of Signals (MCS) | General Stacks | 12/12/2016 | 1 | 808.83,PAS | MCS23071 | 03/15/2023 | 03/08/2023 | 12/12/2016 | Book | Almirah No. 57, Shelf No.1 |
